Top 10 des Plateformes en streaming les plus utilisés - Statistiques

Statistiques générales
  • Ce quiz a été pris 142 fois
  • Le résultat moyen est 5 sur 10
Statistiques - réponses
Classement Abonnés Site Date d'apparation % Correct
Numéro 1 270 Mio Netflix 1997
99%
Numéro 2 230 Mio Amazon Prime Vidéo 2016
98%
Numéro 3 164,2 Mio Disney + 2019
94%
Numéro 6 26,8 Mio Canal + 1984
67%
Numéro 5 46 Mio Paramount + 2021
47%
Numéro 7 25,5 Mio Apple TV + 2019
33%
Numéro 9 324 000 OCS 2008
31%
Numéro 4 103,3 Mio Max 2020
24%
Numéro 8 13 Mio Molotov TV 2016
20%
Numéro 10 200 000 Filmo 2008
4%
Aucun quiz correspondant
Distribution des résultats
% des personnes avec chaque résultat
Percentile par nombre de réponses
Votre historique - résultats
Vous n’avez pas pris ce quiz